00947nam a22002657a 450000100060000000300080000600500170001400800410003102000160007202000210008802000390010902000200014803500230016804000320019104100080022308200220023110000290025324500830028226000350036530000360040065000440043665000390048085600750051985600870059437206BD-RjUL20211209052605.0030819s2002 maua 000 0 eng d a 0072498889 a0072564814 (set) a0072489529 (workbook : alk. paper) a0072489480 (CD) a(OCoLC)ocm52868992 aHUAcHUAdDLCdBD-RjULbeng aeng00a590222bHOD 20021 aHouseman, Jon G.,d1954-10aDigital zoology version 2.0 :bCD-ROM and student workbook /cJon G. Houseman. aBoston :bMcGraw-Hill,cc2003. axxi, 200 p. :bill. ;c26 cm. + 0aZoologyxComputer-assisted instruction. 0aZoologyvProblems, exercises, etc.413Table of contentsuhttp://www.loc.gov/catdir/toc/mh041/2003274937.html423Publisher descriptionuhttp://www.loc.gov/catdir/description/mh041/2003274937.html